• 首页
  • 本馆介绍
  • 公告通知
  • 最新文献
  • 馆藏检索
  • 电子资源
  • 读者导购
  • 参考咨询
  • 我的图书馆
  • 登录
  • 详细信息显示
  • 放入我的书架
  • 预约/预借图书
  • 作者相关作品
  • 分类相关作品
  • 丛书相关作品
  • 出版社相关作品

书目信息

  • 表格格式
  • 工作单格式
  • 卡片格式
题名:
中华典故·神话·寓言
    
 
作者: ;记忆经典丛书编委会 编著
分册: 一  
出版信息: 北京   中国青年出版社  2018
页数: 105页
开本: 23cm
丛书名: 记忆经典丛书
单 册:
中图分类: H136.3 , I277.4
科图分类:
主题词: 汉语--典故--汇编 , 寓言--作品集--中国 , 神话--作品集--中国
电子资源:
ISBN: 978-7-5153-5176-6
000 01040nam0 2200277 45
001 012001009909
005 20191202144207.10
010    @a978-7-5153-5176-6@dCNY48.00
100    @a20190308d2018 em y0chiy50 ea
101 0  @achi
102    @aCN@b110000
105    @aa z 000fy
106    @ar
200 1  @a中华典故·神话·寓言@9zhong hua dian gu · shen hua · yu yan@b专著@h一@f记忆经典丛书编委会编著
210    @a北京@c中国青年出版社@d2018
215    @a105页@c图@d23cm
225 1  @a记忆经典丛书
330    @a本书收集了中国上下五千年来记载于古书典籍,或者民间口耳相传的中国经典典故、神话和寓言,以丰富生动的情节,通俗易懂的语言呈现给读者,同时辅以精美的插图配置和新颖的版式设计,让读者在轻松阅读之余,感受中华文化的巨大魅力。
606 0  @a汉语@x典故@j汇编
606 0  @a寓言@x作品集@y中国
606 0  @a神话@x作品集@y中国
690    @aH136.3@v5
690    @aI277.4@v5
711 02 @a记忆经典丛书编委会@9ji yi jing dian cong shu bian wei hui@4编著
801  2 @aCN@b上海新华@c20191020
905    @b1189918-9@dH136.3@e387:1@f2
    
    中华典故·神话·寓言.一/记忆经典丛书编委会编著.-北京:中国青年出版社,2018
    105页:图;23cm.-(记忆经典丛书)
    
    
    ISBN 978-7-5153-5176-6:CNY48.00
    本书收集了中国上下五千年来记载于古书典籍,或者民间口耳相传的中国经典典故、神话和寓言,以丰富生动的情节,通俗易懂的语言呈现给读者,同时辅以精美的插图配置和新颖的版式设计,让读者在轻松阅读之余,感受中华文化的巨大魅力。
●
相关链接 在E读中查询图书 在五车中查询图书 在当当中查询图书 在豆瓣中查询图书


正题名:中华典故·神话·寓言     索取号:H136.3/387:1         预约/预借

序号 登录号 条形码 馆藏地/架位号 状态 备注
1 1189918   211899187   第二样本阅览室/ [索取号:H136.3/387:1] 在馆    
2 1189919   211899196   第四借阅区/ [索取号:H136.3/387:1] 在馆    
唐山师范学院图书馆 欢迎您!
大连网信软件有限公司© 版权所有